[Event "Blagoevgrad op"]
[Site "Blagoevgrad"]
[Date "2013.09.30"]
[Round "4"]
[White "Vanchev, Petar"]
[Black "Vasileva, Cveta"]
[Result "0-1"]
[WhiteElo "2095"]
[BlackElo "1564"]
[PlyCount "102"]
[EventDate "2013.09.28"]
[EventType "swiss"]
[EventRounds "9"]
[EventCountry "BUL"]
[SourceTitle "CBM 156 Extra"]
[Source "ChessBase"]
[SourceDate "2013.10.22"]
[SourceVersion "1"]
[SourceVersionDate "2013.10.22"]
[SourceQuality "1"]

1. d4 e6 2. Nf3 d5 3. g3 Be7 4. c4 Nf6 5. Bg2 0-0 6. 0-0 dxc4 7. Ne5 c6 8. Nc3 Nd5 9. Nxc4 Nd7 10. e4 Nxc3 11. bxc3 b5 12. Ne3 Bb7 13. Qe2 Qc7 14. Nc2 a5 15. Bb2 e5 16. f4 exd4 17. Nxd4 Bc5 18. Kh1 Rfe8 19. Nf5 f6 20. c4 Kh8 21. Rfd1 Rad8 22. Rac1 b4 23. Rd2 Nf8 24. Rcd1 Rxd2 25. Qxd2 Bc8 26. Nd6 Bxd6 27. Qxd6 Qxd6 28. Rxd6 Bb7 29. e5 fxe5 30. fxe5 Kg8 31. Bxc6 Bxc6+ 32. Rxc6 Rd8 33. Rd6 Ne6 34. Kg2 Kf7 35. Rxd8 Nxd8 36. Kf3 Ke6 37. Ke4 Nc6 38. h3 g6 39. g4 h6 40. h4 h5 41. gxh5 gxh5 42. Kf4 a4 43. Ke4 Ne7 44. Kd4 Nf5+ 45. Kc5 Nxh4 46. Kxb4 Nf5 47. c5 h4 48. c6 Ne7 49. Bc1 h3 50. Bf4 Nd5+ 51. Kc4 Nxf4 0-1